000
00425nam a2200169Ia 4500
008
090711s9999 xx 000 0 und d
082
_b
52821
100
_a
तिबिले अनंत
245
_a
सौदा
260
_c
1986
300
_a
176
600
_a
तिबिले अनंत
630
_a
सौदा
700
_a
तिबिले अनंत
730
_a
सौदा
942
_c
BOOK
999
_c
302037
_d
302037